000 00908nam a2200253 i 4500
001 87335
003 ES-MaACL
005 20231221205136.0
007 t|
008 041221s1955 sp ||||1| spa d
080 _a821.134.2 Azorín 1.06
080 _a929 Azorín
100 1 _aKrause, Anna.
_968756
245 1 0 _aAzorín, el pequeño filósofo
_b: indagaciones en el origen de una personalidad literaria /
_cAnna Krause ; traducción de Luis Rico Navarro ; prólogo de Amancio Martínez Ruiz.
260 _aMadrid :
_bEspasa-Calpe,
_c1955.
300 _a266 p. ;
_c19 cm.
500 _aBiblioteca Juan Andrade.
600 0 4 _aAzorín,
_d1873-1967-
_xCrítica e interpretación
_924328
700 1 _aRico Navarro, Luis.
_997031
700 1 _aMartínez Ruiz, Amancio.
_978382
852 _aES-MaACL
_jC-10000
_bR.38045
852 _aES-MaACL
_jAND-609
_bR.109907
999 _c87335
_d87335